Organic Chemistry (Record no. 11980)

MARC details
000 -LEADER
fixed length control field 00393nam a22001697a 4500
003 - CONTROL NUMBER IDENTIFIER
control field OSt
008 - FIXED-LENGTH DATA ELEMENTS--GENERAL INFORMATION
fixed length control field 230421b |||||||| |||| 00| 0 eng d
020 ## - INTERNATIONAL STANDARD BOOK NUMBER
International Standard Book Number 9788177585421
082 ## - DEWEY DECIMAL CLASSIFICATION NUMBER
Classification number 547 FIO
100 ## - MAIN ENTRY--PERSONAL NAME
Personal name FINAR, I.L
245 ## - TITLE STATEMENT
Title Organic Chemistry
250 ## - EDITION STATEMENT
Edition statement 6th 2022
260 ## - PUBLICATION, DISTRIBUTION, ETC. (IMPRINT)
Place of publication, distribution, etc Noida
Name of publisher, distributor, etc Pearson
300 ## - PHYSICAL DESCRIPTION
Extent xiv,965
650 ## - SUBJECT ADDED ENTRY--TOPICAL TERM
Topical term or geographic name as entry element Pharmaceutical Organic Chemistry
942 ## - ADDED ENTRY ELEMENTS (KOHA)
Source of classification or shelving scheme Dewey Decimal Classification
Koha item type Text Books
Holdings
Withdrawn status Lost status Source of classification or shelving scheme Damaged status Not for loan Collection code Home library Current library Date acquired Source of acquisition Currency Cost, normal purchase price Serial Enumeration / chronologySerial Enumeration / Volume No. Bill Number Total Checkouts Full call number Acc. no. / Barcode Date last seen Actual Cost, discounted price Bill Date Koha item type
    Dewey Decimal Classification     B.Pharma PIET C-LIBRARY PIET C-LIBRARY 13/04/2023 IBC RUPEES 1195.00 1 IB/IN/1426   547 FIO BP2053 21/04/2023 812.60 31/03/2023 Reference Books
    Dewey Decimal Classification     B.Pharma PIET C-LIBRARY PIET C-LIBRARY 13/04/2023 IBC RUPEES 1195.00 1 IB/IN/1426   547 FIO BP2054 21/04/2023 812.60 31/03/2023 Text Books
    Dewey Decimal Classification     B.Pharma PIET C-LIBRARY PIET C-LIBRARY 13/04/2023 IBC RUPEES 1195.00 1 IB/IN/1426   547 FIO BP2055 21/04/2023 812.60 31/03/2023 Text Books
    Dewey Decimal Classification     B.Pharma PIET C-LIBRARY PIET C-LIBRARY 13/04/2023 IBC RUPEES 1195.00 1 IB/IN/1426   547 FIO BP2056 21/04/2023 812.60 31/03/2023 Text Books
    Dewey Decimal Classification     B.Pharma PIET C-LIBRARY PIET C-LIBRARY 13/04/2023 IBC RUPEES 1195.00 1 IB/IN/1426   547 FIO BP2057 21/04/2023 812.60 31/03/2023 Text Books
    Dewey Decimal Classification     B.Pharma PIET C-LIBRARY PIET C-LIBRARY 13/04/2023 IBC RUPEES 1195.00 1 IB/IN/1426   547 FIO BP2058 21/04/2023 812.60 31/03/2023 Text Books
    Dewey Decimal Classification     B.Pharma PIET C-LIBRARY PIET C-LIBRARY 13/04/2023 IBC RUPEES 1195.00 1 IB/IN/1426   547 FIO BP2059 21/04/2023 812.60 31/03/2023 Text Books
    Dewey Decimal Classification     B.Pharma PIET C-LIBRARY PIET C-LIBRARY 13/04/2023 IBC RUPEES 1195.00 1 IB/IN/1426   547 FIO BP2060 21/04/2023 812.60 31/03/2023 Text Books
    Dewey Decimal Classification     B.Pharma PIET C-LIBRARY PIET C-LIBRARY 13/04/2023 IBC RUPEES 1195.00 1 IB/IN/1426   547 FIO BP2061 21/04/2023 812.60 31/03/2023 Text Books
    Dewey Decimal Classification     B.Pharma PIET C-LIBRARY PIET C-LIBRARY 13/04/2023 IBC RUPEES 1195.00 1 IB/IN/1426   547 FIO BP2062 21/04/2023 812.60 31/03/2023 Text Books

Design & Developed by: PIET Central Library
R70 Miles Stone Pattikalyana Samalkha Panipat 132102
mail ID :- [email protected], Phone No:- 0180-2569700 Ex.216